Statistics for All countries of the world in there native language

Click here to take the quiz!

General Stats

  • This quiz has been taken 15 times
  • The average score is 123 of 196

Answer Stats

HintAnswer% Correct
ArgentinaArgentina
100%
AndorraAndorra
92%
Antigua and BarbudaAntigua and Barbuda
92%
AustraliaAustralia
92%
BarbadosBarbados
92%
BelizeBelize
92%
BoliviaBolivia
92%
BotswanaBotswana
92%
BruneiBrunei
92%
CameroonCameroun
92%
CanadaCanada
92%
ChileChile
92%
The BahamasThe Bahamas
92%
BurundiUburundi
92%
AngolaAngola
85%
BelgiumBelgië
85%
BeninBénin
85%
BelarusBielaruś
85%
BrazilBrasil
85%
Burkina FasoBurkina Faso
85%
ColombiaColombia
85%
CubaCuba
85%
DominicaDominica
85%
EcaudorEcuador
85%
El SalvadorEl Salvador
85%
FijiFiji
85%
FranceFrance
85%
DjiboutiJībūtī
85%
IndiaBharôt
77%
Cape VerdeCabo Verde
77%
Costa RicaCosta Rica
77%
Ivory CoastCôte d'Ivoire
77%
IrelandÉire
77%
SpainEspaña
77%
EswatiniEswatini
77%
Federated States of MicronesiaFederated States of Micronesia
77%
GrenadaGrenada
77%
GuatemalaGuatemala
77%
GuyanaGuyana
77%
HaitiHaïti
77%
HondurasHonduras
77%
IndonesiaIndonesia
77%
IranĪrān
77%
IcelandÍsland
77%
ItalyItalia
77%
JamaicaJamaica
77%
KiribatiKiribati
77%
KosovoKosova
77%
LiberiaLiberia
77%
LiechtensteinLiechtenstein
77%
MadagascarMadagasikara
77%
MalaysiaMalaysia
77%
MaliMali
77%
MaltaMalta
77%
Marshall IslandsMarshall Islands
77%
MauritiusMauritius
77%
MexicoMéxico
77%
MoldovaMoldova
77%
MonacoMonaco
77%
MyanmarMyanma
77%
NamibaNamibia
77%
NauruNauru
77%
New ZealandNew Zealand
77%
NicaraguaNicaragua
77%
NigerNiger
77%
NigeriaNigeria
77%
JapanNihon
77%
PeruPerú
77%
PortugalPortugal
77%
RomaniaRomânia
77%
RwandaRwanda
77%
SamoaSamoa
77%
San MarinoSan Marino
77%
SenegalSénégal
77%
Sierra LeoneSierra Leone
77%
Solomon IslandsSolomon Islands
77%
Sri LankaSri Lankā
77%
FinlandSuomi
77%
The GambiaThe Gambia
77%
TogoTogo
77%
TongaTonga
77%
Trinidad and TobagoTrinidad and Tobago
77%
TuvaluTuvalu
77%
UgandaUganda
77%
United KingdomUnited Kingdom
77%
UruguayUruguay
77%
VenezuelaVenezuela
77%
ZambiaZambia
77%
TaiwanZhōnghuá
77%
ZimbabweZimbabwe
77%
PalauBelau
69%
DenmarkDanmark
69%
GermanyDeutschland
69%
GhanaGhana
69%
KenyaKenya
69%
LaosLao
69%
LesothoLesotho
69%
LuxembourgLëtzebuerg
69%
MalawiMalawi
69%
NepalNepāl
69%
NorwayNorge
69%
AustriaÖsterreich
69%
PakistanPākistān
69%
PanamaPanamá
69%
Papua New GuineaPapua New Guinea
69%
ParaguayParaguay
69%
PhillipinesPilipinas
69%
PolandPolska
69%
RussiaRossiya
69%
Saint Kitts and NevisSaint Kitts and Nevis
69%
Saint Vincent and the GrenadinesSaint Vincent and the Grenadines
69%
SeychellesSesel
69%
SingaporeSingapura
69%
South AfricaSouth Africa
69%
SurinameSuriname
69%
SwedenSverige
69%
TanzaniaTanzania
69%
TurkmenistanTürkmenistan
69%
United StatesUnited States
69%
VanatuVanuatu
69%
BangladeshBangladesh
62%
MontenegroCrna Gora
62%
EstoniaEesti
62%
ArmeniaHayastán
62%
GreeceHellas
62%
KyrgyzstanKyrgyzstan
62%
LatviaLatvija
62%
LibyaLibya
62%
HungaryMagyarország
62%
NetherlandsNederland
62%
QatarQaṭar
62%
KazakhstanQazaqstan
62%
Dominican RepublicRepública Dominicana
62%
Saint LuciaSaint Lucia
62%
SwitzerlandSchweiz
62%
AlbaniaShqipëria
62%
SloveniaSlovenija
62%
South SudanSouth Sudan
62%
SyriaSuriyah
62%
ChinaZhōngguó
62%
CroatiaHrvatska
54%
LithuaniaLietuva
54%
LebanonLubnān
54%
EgyptMisr
54%
MozambiqueMoçambique
54%
ChadTchad
54%
TurkeyTürkiye
54%
AzerbaijanAzərbaycan
46%
Bosnia and HerzegovinaBosna i Hercegovina
46%
Czech RepublicČeská republika
46%
Vatican CityCivitas Vaticana
46%
Equatorial GuineaGuinea Ecuatorial
46%
GuineaGuinée
46%
CambodiaKămpŭchéa
46%
GeorgiaSak'art'velo
46%
SlovakiaSlovensko
46%
SerbiaSrbija
46%
Oman‘Umān
46%
ComorosKomori
38%
CyprusKypros
38%
MongoliaMongol Uls
38%
Democratic Republic of the CongoRépublique démocratique du Congo
38%
Republic of the CongoRépublique du Congo
38%
São Tomé and PríncipeSão Tomé e Príncipe
38%
BulgariaBălgariya
31%
Guinea-BissauGuiné-Bissau
31%
UzbekistanO‘zbekiston
31%
IsraelYisra'el
31%
BahrainAl-Baḥrayn
23%
IraqAl-'Iraq
23%
North KoreaChosŏn
23%
BhutanDruk Yul
23%
EthiopiaItyop'ia
23%
North MacedoniaSeverna Makedonija
23%
UkraineUkrajina
23%
AfghanistanAfghanestan
15%
United Arab EmiratesAl-’Imārat
15%
Saudi ArabiaAl-Mamlaka
15%
JordanAl-’Urdun
15%
YememAl-Yaman
15%
MoroccoAmerruk
15%
SudanAs-Sudan
15%
KuwaitDawlat ul-Kuwayt
15%
MaldivesDhivehi Raajje
15%
AlgeriaDzayer
15%
South KoreaHanguk
15%
EritreaIritriya
15%
MauritaniaMuritan
15%
GabonRépublique gabonaise
15%
East TimorTimor Lorosa'e
15%
TajikistanTojikistan
15%
TunisiaTunes
15%
VietnamViệt Nam
15%
Central African RepublicCentrafrique Bêafrîka
8%
SomaliaSoomaaliya aş-Şūmāl
8%
ThailandThai, Prathet Thai,
8%

Score Distribution

Percentile by Number Answered

Percent of People with Each Score

Your Score History

You have not taken this quiz